000
00186nam a22000977a 4500
041
_a
eng
080
_a
80
100
_a
Schneidman, Sarah
245
_a
Visionen und Utopien
999
_c
282201
_d
282201
942
_c
BK